000 00778nam a2200241Ia 4500
003 OSt
005 20220923223909.0
006 a|||||r|||| 00| 0
007 ta
008 220922b |||||||| |||| 00| 0 hin d
024 _a223,043
037 _cTextual
040 _aARTS
_cARTS
_bhin
041 _2hin
_ahin
082 _aO152,6NDEx, P3
100 _aदेवराज
245 0 _aदर्शन, धर्म - अध्यात्म और संस्कृति
246 _aDarshana, dharma - adhyātma aur sanskṛuti
260 _aनयी दिल्ली
_b भारतीय ज्ञानपीठ
_c2003
300 _a176पृ.
_ccm.
942 _hO152,6NDEx, P3
_cTEXL
_2CC
999 _c368075
_d368075